5HLuxD.jpg

KING HENRY VIII SENIOR AND PRIMARY SCHOOL LIBRARY OPAC

Cultural traditions in Brazil / (Record no. 2455)

000 -LEADER
fixed length control field 01027cam a2200301 a 4500
001 - CONTROL NUMBER
control field 17168936
003 - CONTROL NUMBER IDENTIFIER
control field OSt
005 - DATE AND TIME OF LATEST TRANSACTION
control field 20230602094005.0
008 - FIXED-LENGTH DATA ELEMENTS--GENERAL INFORMATION
fixed length control field 120216s2012 nyua j 001 0 eng
010 ## - LIBRARY OF CONGRESS CONTROL NUMBER
LC control number 2012004028
020 ## - INTERNATIONAL STANDARD BOOK NUMBER
International Standard Book Number 9780778775904 (pbk. : alk. paper)
040 ## - CATALOGING SOURCE
Original cataloging agency DLC
Transcribing agency DLC
Modifying agency DLC
-- KH8
042 ## - AUTHENTICATION CODE
Authentication code pcc
082 00 - DEWEY DECIMAL CLASSIFICATION NUMBER
Classification number 394.26981 ALO
Edition number 23
100 1# - MAIN ENTRY--PERSONAL NAME
Personal name Aloian, Molly.
Relator term aut.
245 10 - TITLE STATEMENT
Title Cultural traditions in Brazil /
Statement of responsibility, etc. Molly Aloian.
260 ## - PUBLICATION, DISTRIBUTION, ETC.
Place of publication, distribution, etc. New York :
Name of publisher, distributor, etc. Crabtree Pub.,
Date of publication, distribution, etc. c2012.
300 ## - PHYSICAL DESCRIPTION
Extent 32 p. :
Other physical details col. ill. ;
Dimensions 29 cm.
490 0# - SERIES STATEMENT
Series statement Cultural traditions in my world
500 ## - GENERAL NOTE
General note Includes index.
500 ## - GENERAL NOTE
General note "Guided reading: O"--P. [4] of cover.
650 #0 - SUBJECT ADDED ENTRY--TOPICAL TERM
Topical term or geographic name entry element Holidays
Geographic subdivision Brazil
Form subdivision Juvenile literature.
650 #0 - SUBJECT ADDED ENTRY--TOPICAL TERM
Topical term or geographic name entry element Festivals
Geographic subdivision Brazil
Form subdivision Juvenile literature.
651 #0 - SUBJECT ADDED ENTRY--GEOGRAPHIC NAME
Geographic name Brazil
General subdivision Social life and customs
Form subdivision Juvenile literature.
906 ## - LOCAL DATA ELEMENT F, LDF (RLIN)
a 7
b cbc
c orignew
d 1
e ecip
f 20
g y-gencatlg
942 ## - ADDED ENTRY ELEMENTS (KOHA)
Source of classification or shelving scheme
Koha item type Books - Non Ficton
Holdings
Withdrawn status Lost status Source of classification or shelving scheme Damaged status Not for loan Collection code Permanent Location Current Location Shelving location Date acquired Total Checkouts Total Renewals Full call number Barcode Date last seen Date last checked out Price effective from Koha item type
          Non-Fiction KH8 Primary School Library KH8 Primary School Library Non Fiction 2023-06-02 8 1 394.26981 ALO KHPL000004203 2025-12-05 2025-10-06 2023-06-02 Books - Non Ficton

Powered By KH8 IT Dept